Legal environment of business: government regulation and public policy analysis
Saved in:
| Hovedforfatter: | |
|---|---|
| Format: | Bog |
| Sprog: | engelsk |
| Udgivet: |
Cincinnati
South-Western
1987
|
| Fag: | |
| Tags: |
Tilføj Tag
Ingen Tags, Vær først til at tagge denne postø!
|
MARC
| LEADER | 00000nam a2200000 a 4500 | ||
|---|---|---|---|
| 001 | UCX5133 | ||
| 003 | CL-VaPUC | ||
| 008 | 920924e19870000US |||||||||||||||||eng|d | ||
| 082 | 0 | 4 | |a 353.008 |b BUT |2 21 |
| 100 | 0 | |a Butler, Henry N |e author |9 321457 | |
| 245 | 1 | 0 | |a Legal environment of business: government regulation and public policy analysis |
| 300 | |a 911 p | ||
| 942 | |c BK | ||
| 945 | |d 19920924 00:00:00 | ||
| 260 | |a Cincinnati |b South-Western |c 1987 | ||
| 650 | 7 | |a REGULACION DEL COMERCIO |2 CL-VaPUC |9 255294 | |
| 650 | 0 | |a Derecho comercial |9 256340 | |
| 651 | 0 | |a Estados Unidos |9 255178 | |
| 583 | |a last modification |c 20161003 01:10:54 |k Rodrigo Vera | ||
| 999 | |c 225462 |d 225460 | ||
| 952 | |0 0 |1 0 |4 0 |6 353_008000000000000_BUT_1987 |7 0 |8 P |9 223005 |a BIBGIM |b BIBGIM |d 2019-11-15 |i 3278166 |o 353.008 BUT 1987 |p 3278166 |r 2025-01-15 |w 2019-11-15 |y BK |k COM | ||